| 000 | 00870nam a2200217Ia 4500 | ||
|---|---|---|---|
| 003 | GCL | ||
| 008 | 140319s9999 xx 000 0 ara d | ||
| 020 | _a3458210977 | ||
| 040 |
_aGCL / _cGCL |
||
| 082 | 0 | 4 |
_a953.02 _bن م |
| 100 | 1 | _aنريمان عبدالكريم احمد | |
| 245 | 1 | 0 |
_aمعاملة غير المسلمين فى الدولة الاسلامية / _cنريمان عبدالكريم احمد |
| 260 |
_aالقاهرة : _bالهيئة المصرية العامة للكتاب ، _c1996 |
||
| 300 |
_a219 ص ؛ _c22 سم |
||
| 490 |
_aتاريخ المصريين _v90 |
||
| 650 | 0 | 4 | _aالتاريخ الاسلامى |
| 650 | 0 | 4 | _aاهل الذمة - الاحوال الاقتصادية |
| 650 | 0 | 4 | _aاهل الذمة فى القران الكريم |
| 650 | 0 | 4 | _aاهل الذمة - تاريخ - العصر الاسلامى |
| 942 |
_2ddc _cBK |
||
| 999 |
_c50851 _d50851 |
||